Which locations offer the best potential returns for UK retail investors? (Record no. 77590)
[ view plain ]
| 000 -LEADER | |
|---|---|
| fixed length control field | 01170cab a2200217 4500 |
| 001 - CONTROL NUMBER | |
| control field | ##L134616 |
| 008 - FIXED-LENGTH DATA ELEMENTS--GENERAL INFORMATION | |
| fixed length control field | 060818n2006 000 0 eng u |
| 035 ## - SYSTEM CONTROL NUMBER | |
| System control number | (Sirsi) u134616 |
| 041 0# - LANGUAGE CODE | |
| Language code of text/sound track or separate title | eng |
| 100 1# - MAIN ENTRY--PERSONAL NAME | |
| Personal name | Erwin, David |
| 245 00 - TITLE STATEMENT | |
| Title | Which locations offer the best potential returns for UK retail investors? |
| 260 ## - PUBLICATION, DISTRIBUTION, ETC. | |
| Date of publication, distribution, etc. | 2006 |
| 490 #0 - SERIES STATEMENT | |
| Series statement | Journal of Retail and Leisure Property |
| Volume/sequential designation | 5(2) 2006, 104-116(13) |
| 520 ## - SUMMARY, ETC. | |
| Summary, etc. | Discusses the Cushman and Wakefield TopTowns model and how it attempts to gauge the real estate investment potential of 300 top retail locations in the UK. The model was developed following a period of strong outperformance by property returns relative to other asset classes. Competition for this investment medium is increasingly evident, requiring a higher level of sophistication in the investment decision-making process to identify long-term targets at a town level. Tables and graphs. [Taken from journal abstract]. |
| 590 ## - LOCAL NOTE (RLIN) | |
| Local note | IKA220806 NTK |
| 651 #4 - SUBJECT ADDED ENTRY--GEOGRAPHIC NAME | |
| Geographic name | United Kingdom |
| Chronological subdivision | |
| 690 ## - LOCAL SUBJECT ADDED ENTRY--TOPICAL TERM (OCLC, RLIN) | |
| Topical term or geographic name as entry element | PROPERTY-PROPERTY FINANCE AND INVESTMENT-PROPERTY INVESTMENT APPRAISAL |
| 700 1# - ADDED ENTRY--PERSONAL NAME | |
| Personal name | Harding, Emma |
| 700 1# - ADDED ENTRY--PERSONAL NAME | |
| Personal name | Bhogal, Indeesh |
| 942 ## - ADDED ENTRY ELEMENTS (KOHA) | |
| Suppress in OPAC | 0 |
| Withdrawn status | Lost status | Source of classification or shelving scheme | Damaged status | Not for loan | Home library | Current library | Shelving location | Date acquired | Total Checkouts | Full call number | Barcode | Date last seen | Copy number | Price effective from | Koha item type |
|---|---|---|---|---|---|---|---|---|---|---|---|---|---|---|---|
| Dewey Decimal Classification | London | London | Journal article | 18/08/2006 | L134616 | 134616-1001 | 06/08/2019 | 1 | 06/08/2019 | Journal article |